| 000 | 00968nam a22002657a 4500 | ||
|---|---|---|---|
| 001 | 7663 | ||
| 003 | FISKH | ||
| 005 | 20250730142140.0 | ||
| 008 | 250730b cb ||||| |||| 00| 0 eng d | ||
| 020 | _a9781730160387 | ||
| 040 |
_aFISKH _beng _cFISKH _dFISKH |
||
| 050 | _aPZ7 | ||
| 082 | _a428.6 | ||
| 100 | _aPrakash, Ved | ||
| 245 |
_aNo, thanks : _bCharacter building / _cConcieve by Ved Prakash |
||
| 260 |
_aNew Delhi : _bDreamland Publia, _c2011. |
||
| 300 |
_a24 pages : _bcolor illustrations ; _c29 cm |
||
| 505 | _aJ | ||
| 520 | _aCharacter education is an integral part of education. ‘Character Building – No, Thanks’ this book contains three stories that make children understand the importance of the words ‘No, thanks’. These stories make it easy to teach moral values in a meaningful way. | ||
| 521 | 8 |
_a500
_bLexile estimate |
|
| 521 | 8 |
_aJ
_bRaz-Plus |
|
| 650 | _aPrimary Stories | ||
| 942 |
_2ddc _cBK _n0 |
||
| 999 |
_c7663 _d7663 |
||